000 00370nam a2200145Ia 4500
008 240624s9999 xx 000 0 und d
041 _aeng
082 _a420 MCB
100 _aMCBRIDE EDWARD J
245 _aDOWNTOWN ENGLISH FOR WORK AND LIFE 3
260 _c2006
_aAustralia
_bThomson/Heinle
300 _axix, : 222 : p. : cm. ; 28
365 _cRS
_b10
440 _v2
999 _c10742
_d10742